|
|
|
|
| LEADER |
00000nam0a2200000 4500 |
| 001 |
685001 |
| 005 |
20260218133041.0 |
| 090 |
|
|
|a 685001
|
| 100 |
|
|
|a 20260218d1977 k||y0rusy50 ca
|
| 101 |
0 |
|
|a rus
|
| 102 |
|
|
|a LV
|
| 105 |
|
|
|a y z 101yy
|
| 181 |
|
0 |
|a i
|b e
|
| 182 |
|
0 |
|a n
|
| 183 |
|
0 |
|a nc
|2 RDAcarrier
|
| 200 |
1 |
|
|a Теплопроводность и диффузия в технологических процессах
|e материалы 1-й республиканской научно-технической конференции, г. Рига, 22-24 декабря 1976 г.
|f Рижский политехнический институт ; Межотраслевой институт повышения квалификации специалистов народного хозяйства Латвийской ССР ; отв. ред. А. Г. Темкин
|
| 203 |
|
|
|a Текст
|b визуальный
|c непосредственный
|
| 210 |
|
|
|a Рига
|c [Б. и.]
|d 1977
|
| 215 |
|
|
|a 360 с.
|
| 283 |
|
|
|a volume
|2 RDAcarrier
|
| 320 |
|
|
|a Библиогр. в конце докладов
|
| 606 |
|
|
|a Химико-технологические процессы
|x Теплопроводность
|9 53959
|
| 606 |
|
|
|a Химико-технологические процессы
|x Диффузия
|9 53960
|
| 610 |
1 |
|
|a химическая технология
|
| 610 |
1 |
|
|a технологические процессы
|
| 610 |
1 |
|
|a необратимая термодинамика
|
| 610 |
1 |
|
|a оптимизация
|
| 610 |
1 |
|
|a математическое моделирование
|
| 610 |
1 |
|
|a тепломассоперенос
|
| 610 |
1 |
|
|a термодиффузионные явления
|
| 610 |
1 |
|
|a пайка
|
| 610 |
1 |
|
|a диффузионный перенос
|
| 610 |
1 |
|
|a аналитические методы
|
| 610 |
1 |
|
|a обратные методы
|
| 610 |
1 |
|
|a теплофизические характеристики
|
| 610 |
1 |
|
|a материалы конференций
|
| 675 |
|
|
|a 66.011(063)
|v 4
|
| 702 |
|
1 |
|4 340
|a Темкин
|b А. Г.
|
| 712 |
0 |
2 |
|a Рижский политехнический институт
|4 570
|9 24345
|
| 712 |
0 |
2 |
|a Межотраслевой институт повышения квалификации специалистов народного хозяйства Латвийской ССР
|4 570
|9 25841
|
| 712 |
1 |
2 |
|a Теплопроводность и диффузия в технологических процессах
|4 570
|c конференция
|e Рига
|f 1976
|
| 801 |
|
0 |
|a RU
|b 63413507
|c 20260218
|
| 830 |
|
|
|a Ретро2026Каталогизация Кузнецова
|
| 850 |
|
|
|a 63413507
|
| 942 |
|
|
|c BK
|